مارك شاجال : (Record no. 18726)
[ view plain ]
| 000 -الفاتح | |
|---|---|
| حقل البيانات ثابتة الطول | 01326nam a22003257a 4500 |
| 003 - محدد رقم الضبط | |
| رقم الضبط | EG-ScBUE |
| 005 - وقت وتاريخ اخر تعامل مع التسجيلة | |
| رقم الضبط | 20221026103840.0 |
| 006 - عناصر البيانات ثابتة الطول - خصائص المادة الاضافية-معلومات عامة | |
| حقل البيانات ثابتة الطول | m||||fq||h 00| 0 |
| 008 - عناصر البيانات ثابتة الطول - معلومات عامة | |
| حقل البيانات ثابتة الطول | 141204s2013 ua f f b 001 0deng d |
| 017 ## - رقم الإيداع القانونى | |
| رقم الإيداع القانونى | 2012 / 9351 |
| 020 ## - الرقم الدولى المعيارى للكتب | |
| الرقم الدولى المعيارى للكتاب | 9789772072484 |
| 040 ## - مصدر الفهرسة | |
| وكالة الفهرسة الأصلية | EG-ScBUE |
| لغة الفهرسة | ara |
| قواعد الوصف | rda |
| وكالة النسخ | EG-ScBUE |
| وكالة التعديل | EG-ScBUE |
| 082 04 - رقم تصنيف ديوى العشرى | |
| رقم الطبعة | 22 |
| رقم التصنيف | 709.2 |
| رقم المادة | ع ك ا |
| 100 1# - المدخل الرئيسى - إسم شخصى | |
| 9 (RLIN) | 36810 |
| الإسم الشخصى | عكاشة، ثروت، |
| التواريخ المصاحبة للاسم | 1921-2012، |
| الدور | مؤلف. |
| 245 10 - بيان العنوان | |
| العنوان | مارك شاجال : |
| بقية العنوان | فنان الإبداعات الراقصة الغناء نجم القرن العشرين 1887-1985 / |
| بيان المسئوليه,etc | ثروت عكاشة. |
| 264 #1 - النشر، التوزيع | |
| مكان الناشر او الموزع | القاهرة : |
| اسم الناشر او الموزع | الهيئة المصرية العامة للكتاب، |
| تاريخ النشر أو التوزيع | 2013. |
| 300 ## - الوصف المادى | |
| التعداد | 397 صفحة : |
| تفاصيل ماديه اخرى للوعاء | لوحات ملونة ؛ |
| أبعاد الوعاء | 32 سم + |
| المادة المصاحبة | قرص مليز. |
| 336 ## - نوع المحتوى | |
| source | rdacontent |
| Carrier Type Term | sounds |
| Content Type Code | snd |
| 336 ## - نوع المحتوى | |
| source | rdacontent |
| Carrier Type Term | نص |
| Content Type Code | txt |
| 337 ## - نوع الوسيط | |
| source | rdamedia |
| Media Type Term | audio |
| Media Type Code | s |
| 337 ## - نوع الوسيط | |
| source | rdamedia |
| Media Type Term | بدون وسيط |
| Media Type Code | n |
| 338 ## - نوع الحامل أو الناقل | |
| source | rdamedia |
| Carrier Type Term | computer disc |
| Carrier Type Code | cd |
| 338 ## - نوع الحامل أو الناقل | |
| source | rdamedia |
| Carrier Type Term | مجلد |
| Carrier Type Code | nc |
| 504 ## - تبصرة ببليوجرافية | |
| تبصرة ببليوجرافية,الخ | يشتمل على إرجاعات ببليوجرافية وكشافات.<br/> |
| 600 17 - المدخل الاضافى بالموضوع-اسم شخصى | |
| الإسم الشخصى | مارك، شاجال، |
| التواريخ المصاحبة للاسم | 1887-1985. |
| مصدر الرأس أو المصطلح | BUEsh |
| 9 (RLIN) | 36813 |
| 650 #7 - المدخل الاضافى بالموضوع-مصطلح موضوعى | |
| مصطلح موضوعي أو اسم جغرافي كعنصر مدخل | الفنانون الروس |
| التقسيم الفرعي الشكلي | تراجم. |
| مصدر الرأس أو المصطلح | BUEsh |
| 9 (RLIN) | 36814 |
| 653 ## - مصطلح تكشيفى غير مقيد | |
| Resource For college | Arabic Literature |
| Arrived date list | December2014 |
| 655 ## - مصطلح تكشيفى-نوع/شكل | |
| التقسيم الفرعي الشكلي | Reading book |
| 942 ## - عناصر المدخل الإضافي( كوها) | |
| مصدر التصنيف او مخطط الترفيف | Dewey Decimal Classification |
| سابقة رقم الطلب | 709.2 ع ك ا |
| حالة التراجع | حالة الفقد | مصدر التصنيف او خطة الترفيف | حالة تلف | ليس للاعارة | مجموعات كوها | المكان الدائم | المكان الحالي | موقع الترفيف | تاريخ الاكتساب | Source of acquisition | سعر الشراء الطبيعي | رقم الاستدعاء | الباركود | Date last seen | التكلفة | نوع الوعاء |
|---|---|---|---|---|---|---|---|---|---|---|---|---|---|---|---|---|
| Dewey Decimal Classification | Baccah | Central Library | Central Library | Second Floor | 04/12/2014 | 150.00 | 709.2 ع ك ا NB | 000037118 | 15/07/2025 | 187.50 | NB - Book (Non borrowing) | |||||
| Dewey Decimal Classification | Baccah | Central Library | Central Library | Second Floor | 04/12/2014 | 150.00 | 709.2 ع ك ا NB | 000037119 | 24/08/2022 | 187.50 | CD | DVD - With book (NB) |